000 00297nam a22001337a 4500
008 170522b xxu||||| |||| 00| 0 eng d
020 _a42260
041 _aeng
080 _22ND
_a94(7/8)
100 _a16
101 _aSHH
245 _aREADINGS IN AMERICAN HISTORY
_cVAN, G.G
942 _2udc
_cBK
999 _c13730
_d13730